[Event "23rd Int. Tournament "]
[Site "?"]
[Date "2015.08.27"]
[Round "1.4"]
[White "Stamatis, Ioannis"]
[Black "Gkika, Marina"]
[Result "1-0"]
[WhiteElo "1497"]
[BlackElo "1094"]
[PlyCount "83"]
[EventDate "2015.08.27"]

1. e4 e5 2. Nf3 Nc6 3. Bb5 d6 4. c3 Nf6 5. d3 Bg4 6. Nbd2 Be7 7. O-O O-O 8. h3
Bh5 9. Re1 Ne8 10. Nf1 h6 11. Ng3 Bg6 12. Nh2 Bg5 13. Ng4 f5 14. exf5 Bxf5 15.
Qb3+ Kh8 16. Nxf5 Bxc1 17. Nxg7 Nxg7 18. Raxc1 Ne7 19. d4 Ng6 20. dxe5 dxe5 21.
Nxe5 Nxe5 22. Rxe5 c6 23. Bf1 Qc7 24. Rce1 Rad8 25. Qb4 Qf7 26. f3 Rfe8 27.
Rxe8+ Rxe8 28. Rxe8+ Nxe8 29. Qd4+ Nf6 30. Qxa7 h5 31. Qd4 Kg7 32. Bc4 Qe7 33.
Kf2 b5 34. Bd3 Qe6 35. c4 b4 36. g4 Kh6 37. Qe3+ Qxe3+ 38. Kxe3 Kg5 39. f4+ Kh4
40. g5 Nd7 41. a4 bxa3 42. bxa3 1-0

[Event "23rd Int. Tournament "]
[Site "?"]
[Date "2015.08.27"]
[Round "1.5"]
[White "Bastianou, Stamatiki"]
[Black "Tagklis, Ioannis"]
[Result "0-1"]
[WhiteElo "1092"]
[BlackElo "1484"]
[PlyCount "98"]
[EventDate "2015.08.27"]

1. e4 c5 2. Nc3 Nc6 3. Nf3 d6 4. d4 cxd4 5. Nxd4 Nf6 6. Bb5 Bd7 7. O-O g6 8.
Re1 Bg7 9. Bg5 O-O 10. Nxc6 bxc6 11. Bc4 Qb6 12. e5 Ng4 13. Be3 Nxe3 14. Rxe3
d5 15. Bb3 Bh6 16. Rg3 Bf4 17. Rd3 Bf5 18. Rd4 Bxe5 19. Ra4 Rad8 20. Qe2 Bd6
21. Ra6 Qb8 22. g3 Bd7 23. Qe3 Bc8 24. Rxa7 e5 25. Bxd5 cxd5 26. Nxd5 f5 27.
Ne7+ Bxe7 28. Rxe7 Rfe8 29. Qa7 Qxa7 30. Rxa7 f4 31. Re1 f3 32. h4 Rd2 33. Rc7
e4 34. Rc4 Re2 35. Rd1 Bh3 36. a4 e3 37. a5 exf2+ 38. Kh1 Re1+ 39. Rxe1 fxe1=Q+
40. Kh2 Bg2 41. g4 Qh1+ 42. Kg3 Qh3+ 43. Kf4 Qxh4 44. Rc5 Qh2+ 45. Kg5 Re5+ 46.
Rxe5 Qxe5+ 47. Kh4 f2 48. a6 f1=Q 49. a7 Qh1# 0-1

[Event "23rd Int. Tournament "]
[Site "?"]
[Date "2015.08.27"]
[Round "1.6"]
[White "Filoxeni, Danai"]
[Black "Kolev, Niki"]
[Result "1-0"]
[WhiteElo "1472"]
[BlackElo "1092"]
[PlyCount "71"]
[EventDate "2015.08.27"]

1. d4 d5 2. c4 e6 3. Nf3 Nf6 4. Bg5 Be7 5. e3 O-O 6. Bd3 h6 7. Bf4 c5 8. O-O
Nc6 9. dxc5 Bxc5 10. a3 b6 11. b4 Bd6 12. Bxd6 Qxd6 13. Nc3 Bb7 14. Qe2 Rad8
15. Rfd1 Rfe8 16. e4 Ne5 17. cxd5 exd5 18. Bb5 Bc6 19. Bxc6 Qxc6 20. Rac1 Nxf3+
21. Qxf3 dxe4 22. Qe3 Rxd1+ 23. Rxd1 Rc8 24. Ne2 Qa4 25. Re1 Re8 26. Qc3 Kf8
27. Nd4 a5 28. bxa5 bxa5 29. Nc6 Rc8 30. Qc5+ Kg8 31. Ne7+ Kh7 32. Nxc8 Nd7 33.
Qf5+ g6 34. Qxf7+ Kh8 35. Ne7 Ne5 36. Qg8# 1-0

[Event "23rd Int. Tournament "]
[Site "?"]
[Date "2015.08.27"]
[Round "1.7"]
[White "Kostelidis, Georgios"]
[Black "Gkikas, Ioannis"]
[Result "1-0"]
[WhiteElo "1086"]
[BlackElo "1472"]
[PlyCount "55"]
[EventDate "2015.08.27"]

1. d4 Nf6 2. Bf4 e6 3. e3 b6 4. Nf3 Bb7 5. Be2 Be7 6. O-O O-O 7. h3 d6 8. c4 c5
9. Nc3 Nbd7 10. d5 exd5 11. cxd5 Nh5 12. Bh2 Re8 13. Nd2 Nhf6 14. Nc4 Qc7 15.
Nb5 Qb8 16. Ncxd6 Bxd6 17. Nxd6 Rf8 18. Nxf7 Qe8 19. Nd6 Qb8 20. Nb5 Qc8 21.
Nc7 Rb8 22. Ne6 Nxd5 23. Bxb8 Qc6 24. Nxf8 Nxe3 25. Bf3 Qxf3 26. Qxf3 Bxf3 27.
fxe3 Be2 28. Nxd7 1-0

[Event "23rd Int. Tournament "]
[Site "?"]
[Date "2015.08.27"]
[Round "1.8"]
[White "Pogiatzis, Grigorios"]
[Black "Tsaklas, Georgios"]
[Result "1-0"]
[WhiteElo "1471"]
[BlackElo "1085"]
[PlyCount "47"]
[EventDate "2015.08.27"]

1. e4 e5 2. Nf3 Nc6 3. Bb5 a6 4. Ba4 Nf6 5. O-O b5 6. Bb3 Bc5 7. Nxe5 Nxe5 8.
d4 Bb6 9. dxe5 Nxe4 10. Qd5 Qe7 11. Qxa8 Bxf2+ 12. Rxf2 Nxf2 13. Qxc8+ Qd8 14.
Qxd8+ Kxd8 15. Kxf2 Rf8 16. Nd2 f5 17. exf6 Rxf6+ 18. Nf3 h6 19. Be3 g5 20. Kg3
Ke7 21. Re1 Kd6 22. Rd1+ Kc6 23. Ne5+ Kb7 24. Nxd7 1-0

[Event "23rd Int. Tournament "]
[Site "?"]
[Date "2015.08.27"]
[Round "1.9"]
[White "Hatzis, Panagiotis"]
[Black "Petsetidis, Dimitrios"]
[Result "0-1"]
[WhiteElo "1084"]
[BlackElo "1459"]
[PlyCount "76"]
[EventDate "2015.08.27"]

1. e4 c5 2. Nf3 d6 3. d4 cxd4 4. Nxd4 Nf6 5. Nc3 g6 6. Be3 Bg7 7. f3 O-O 8. Bc4
Nc6 9. Qd2 Bd7 10. O-O-O Rc8 11. Bb3 Ne5 12. h4 h5 13. Nde2 Nc4 14. Bxc4 Rxc4
15. Nf4 Qa5 16. Kb1 Rfc8 17. Nfe2 b5 18. Rc1 b4 19. Nd5 Nxd5 20. Qxd5 Qb6 21.
Qd3 Bb5 22. Qd2 Bd7 23. Rhd1 Be6 24. Qd3 Qa5 25. b3 R4c6 26. Bd4 Ra6 27. a4
bxa3 28. Ka2 Rac6 29. Bxg7 Kxg7 30. Nd4 Rc3 31. Qb5 Rxc2+ 32. Rxc2 Rxc2+ 33.
Kb1 Qxb5 34. Nxb5 Bxb3 35. Nxa3 Rxg2 36. Rd3 Be6 37. Nc2 Rh2 38. Nd4 Kf6 0-1

[Event "23rd Int. Tournament "]
[Site "?"]
[Date "2015.08.27"]
[Round "1.10"]
[White "Barous, Theodoros"]
[Black "Lola, Dafni"]
[Result "1-0"]
[WhiteElo "1435"]
[BlackElo "1083"]
[PlyCount "55"]
[EventDate "2015.08.27"]

1. e4 d5 2. exd5 Qxd5 3. Nc3 Qd6 4. g3 Nf6 5. Bg2 a6 6. d3 Nc6 7. Nge2 Bg4 8.
f3 Bd7 9. a3 Qe6 10. O-O Qd6 11. b4 Nd4 12. Ne4 Qe5 13. Bf4 Nxe2+ 14. Qxe2 Qd4+
15. Kh1 Nd5 16. Bd2 Ba4 17. c3 Qb6 18. c4 Nf6 19. Nc5 Bc6 20. Be3 Qa7 21. Ne6
Qb8 22. Nxf8 Rxf8 23. d4 Qc8 24. Rad1 Ba4 25. Rd2 b5 26. Re1 Bb3 27. Bh6 gxh6
28. Qxe7# 1-0

[Event "23rd Int. Tournament "]
[Site "?"]
[Date "2015.08.28"]
[Round "2.1"]
[White "Kapnisis, Spyridon"]
[Black "Ornithopoulos, Nikolaos"]
[Result "1-0"]
[WhiteElo "2455"]
[BlackElo "1960"]
[PlyCount "91"]
[EventDate "2015.08.27"]
[TimeControl "120+20"]
[WhiteClock "0:00:08"]
[BlackClock "0:00:06"]

1. e4 c5 2. Nf3 g6 3. d4 cxd4 4. Qxd4 Nf6 5. Nc3 Nc6 6. Qa4 d6 7. e5 Ng4 8.
exd6 Qxd6 9. Bb5 Bg7 10. O-O O-O 11. h3 Nge5 12. Nxe5 Qxe5 13. Bf4 Qc5 14. Ne4
Qb6 15. c3 a6 16. Bc4 Qa5 17. Qxa5 Nxa5 18. Be2 e5 19. Be3 Be6 20. b3 Nc6 21.
Ng5 Rfe8 22. Rad1 Rad8 23. Nxe6 Rxd1 24. Rxd1 Rxe6 25. Bc4 Re7 26. Bc5 Rc7 27.
Bb6 Re7 28. Rd6 e4 29. Bxa6 Be5 30. Bxb7 Bxd6 31. Bxc6 Be5 32. Bxe4 Bxc3 33.
Bd5 Re1+ 34. Kh2 h5 35. h4 Ra1 36. a4 Bb4 37. g3 Kf8 38. Kg2 Ra2 39. Kf3 Ke7
40. Bc4 f6 41. Kf4 Bd2+ 42. Ke4 Kd6 43. Bf7 Rb2 44. Bd4 Ra2 45. Bxg6 Be1 46.
Kf3 1-0

[Event "23rd Int. Tournament "]
[Site "?"]
[Date "2015.08.28"]
[Round "2.2"]
[White "Mavrikakis, Georgios"]
[Black "Nikolaou, Georgios"]
[Result "0-1"]
[WhiteElo "1954"]
[BlackElo "2317"]
[PlyCount "86"]
[EventDate "2015.08.27"]
[TimeControl "120+22"]
[WhiteClock "0:00:12"]
[BlackClock "0:00:13"]

1. e4 c5 2. Nf3 e6 3. d4 cxd4 4. Nxd4 Nc6 5. Nc3 Qc7 6. g3 a6 7. Bg2 h5 8. Nb3
h4 9. Bf4 Ne5 10. Bxe5 Qxe5 11. Qd4 Qxd4 12. Nxd4 Bb4 13. O-O-O d6 14. Nb3 hxg3
15. hxg3 Rxh1 16. Bxh1 Bxc3 17. bxc3 Ke7 18. Na5 Nf6 19. Nc4 Ne8 20. Nb6 Rb8
21. f4 e5 22. f5 Bd7 23. Bf3 Bc6 24. Rh1 Nf6 25. Rh4 Rg8 26. Nd5+ Bxd5 27. exd5
Nd7 28. g4 Kf6 29. Kd2 Kg5 30. Rh1 Kf4 31. Be2 Nc5 32. Bd3 e4 33. Rf1+ Ke5 34.
Bc4 Rh8 35. f6 g6 36. Rf2 Rh3 37. Rg2 Na4 38. Bf1 Kxd5 39. g5 Rxc3 40. Rh2 Rc7
41. Rh4 Kd4 42. Bd3 d5 43. c4 Nb2 0-1

[Event "23rd Int. Tournament "]
[Site "?"]
[Date "2015.08.28"]
[Round "2.3"]
[White "Kotrotsos, Vasilios"]
[Black "Kaloskambis, Mihail"]
[Result "1-0"]
[WhiteElo "2273"]
[BlackElo "1944"]
[PlyCount "77"]
[EventDate "2015.08.27"]
[TimeControl "120+24"]
[WhiteClock "0:00:51"]
[BlackClock "0:00:11"]

1. d4 d5 2. c4 c6 3. Nc3 Nf6 4. Bg5 dxc4 5. a4 Qa5 6. Bd2 Qf5 7. e3 b5 8. axb5
cxb5 9. Qf3 Qxf3 10. Nxf3 Ba6 11. b3 b4 12. Nd1 c3 13. Bxa6 cxd2+ 14. Nxd2 Nxa6
15. Rxa6 Nd5 16. Nb2 Nc7 17. Ra5 e6 18. O-O Be7 19. Rfa1 a6 20. Nd3 Rb8 21. Ne4
Nb5 22. Rxa6 O-O 23. Nec5 Rfd8 24. f4 Bf6 25. Ne5 Bxe5 26. fxe5 Nc3 27. Kf2 g6
28. Rd6 Rdc8 29. Kf3 Nb5 30. Rd7 Na3 31. Ke4 Rc6 32. Rf1 Rf8 33. Rb7 Kg7 34.
Rxb4 Rc7 35. Rb6 Re8 36. Ra1 Ra7 37. Kd3 Rc8 38. Ra2 Rca8 39. Na4 1-0

[Event "23rd Int. Tournament "]
[Site "?"]
[Date "2015.08.28"]
[Round "2.4"]
[White "Hadzopoulos, Antonios"]
[Black "Simeonidis, Ioannis"]
[Result "0-1"]
[WhiteElo "1953"]
[BlackElo "2266"]
[PlyCount "96"]
[EventDate "2015.08.27"]
[TimeControl "120+16"]
[WhiteClock "0:00:12"]
[BlackClock "0:00:26"]

1. e4 c6 2. d4 d5 3. e5 Bf5 4. Nf3 e6 5. c4 Ne7 6. Nc3 Nd7 7. Bg5 h6 8. Be3
dxc4 9. Bxc4 Nb6 10. Bb3 Bh7 11. O-O Nf5 12. Qe2 Be7 13. Rad1 O-O 14. Bc1 Nd5
15. Nxd5 cxd5 16. a3 Qb6 17. Bc2 Rac8 18. Bb1 Rc4 19. Qd3 Bg6 20. Qd2 Nxd4 21.
Nxd4 Bxb1 22. b3 Rc7 23. Qb2 Be4 24. Be3 Qa5 25. b4 Qa4 26. Rc1 Rfc8 27. Rxc7
Rxc7 28. Rc1 Rxc1+ 29. Qxc1 Qd7 30. f3 Bd3 31. Qc3 Bc4 32. Kf2 Bh4+ 33. g3 Bd8
34. f4 Qa4 35. Nc2 a5 36. Bc5 axb4 37. Bxb4 Bb6+ 38. Kf3 Ba6 39. g4 Qb5 40. Kg3
Qd3+ 41. Qxd3 Bxd3 42. Na1 Bc4 43. Kf3 f6 44. Bd6 Kf7 45. Nc2 g5 46. Ne3 Bd3
47. Bb4 Be4+ 48. Ke2 gxf4 0-1

[Event "23rd Int. Tournament "]
[Site "?"]
[Date "2015.08.28"]
[Round "2.5"]
[White "Drakoulakos, Grigorios"]
[Black "Karakatsanis, Nikolaos"]
[Result "1/2-1/2"]
[WhiteElo "2233"]
[BlackElo "1919"]
[PlyCount "88"]
[EventDate "2015.08.27"]
[TimeControl "120+26"]
[WhiteClock "0:00:03"]
[BlackClock "0:00:13"]

1. Nf3 f5 2. e4 fxe4 3. Ng5 Nf6 4. d3 e6 5. dxe4 Nc6 6. Bd3 h6 7. Nf3 Bd6 8.
Nbd2 O-O 9. Nc4 Bc5 10. O-O d5 11. exd5 exd5 12. Nce5 Ng4 13. Ng6 Re8 14. Bf4
Bd6 15. Qd2 Nce5 16. Nfxe5 Nxe5 17. Rae1 Nxd3 18. Qxd3 Be6 19. Qg3 Bxf4 20.
Nxf4 Bf7 21. Nd3 Qd7 22. Qf4 c6 23. Qd4 Bg6 24. Ne5 Qe6 25. c3 Be4 26. f4 g5
27. Nf3 gxf4 28. Nd2 Qf5 29. g3 f3 30. Re3 Re6 31. Nxf3 Rae8 32. Nd2 Qg5 33.
Nxe4 Rxe4 34. Rxe4 dxe4 35. Qd7 Re7 36. Qc8+ Kg7 37. Qf8+ Kg6 38. Qg8+ Kh5 39.
h3 Rd7 40. Re1 Rd2 41. Rxe4 Rxb2 42. a4 Ra2 43. Rb4 b6 44. Re4 c5 1/2-1/2

[Event "23rd Int. Tournament "]
[Site "?"]
[Date "2015.08.28"]
[Round "2.6"]
[White "Anthopoulos, Hristos"]
[Black "Karagiannis, Athanasios"]
[Result "0-1"]
[WhiteElo "1946"]
[BlackElo "2232"]
[PlyCount "96"]
[EventDate "2015.08.27"]
[TimeControl "120+32"]
[WhiteClock "0:00:13"]
[BlackClock "0:00:22"]

1. e4 e6 2. d4 d5 3. e5 b6 4. Nf3 Qd7 5. Bd3 Ba6 6. O-O Bxd3 7. Qxd3 c5 8. c3
Nc6 9. Be3 f6 10. exf6 Nxf6 11. Bf4 Bd6 12. Bxd6 Qxd6 13. Re1 O-O 14. Nbd2 Rae8
15. Ne5 cxd4 16. cxd4 Rc8 17. a3 Qc7 18. Nxc6 Qxc6 19. Qh3 Ne4 20. Nxe4 dxe4
21. Qg4 Qc2 22. Qxe6+ Kh8 23. Rf1 Qxb2 24. Qxe4 Rxf2 25. Rxf2 Qxa1+ 26. Rf1
Qxa3 27. Qf5 Rd8 28. h3 h6 29. Re1 Qc3 30. Re4 a5 31. Qg6 Qc1+ 32. Kh2 Qc7+ 33.
Kg1 Rf8 34. Re8 Qc1+ 35. Kh2 Qf4+ 36. Kh1 Rxe8 37. Qxe8+ Kh7 38. Qd7 Qf1+ 39.
Kh2 b5 40. d5 a4 41. d6 Qf4+ 42. Kh1 b4 43. Qxa4 Qxd6 44. Qc2+ Qg6 45. Qb3 Qe4
46. Kg1 Qe1+ 47. Kh2 Qc3 48. Qf7 Qc2 0-1

[Event "23rd Int. Tournament "]
[Site "?"]
[Date "2015.08.28"]
[Round "2.7"]
[White "Sakaridis, Emmanouil"]
[Black "Tsiros, Fragkiskos Vlasios"]
[Result "0-1"]
[WhiteElo "1939"]
[BlackElo "2216"]
[PlyCount "66"]
[EventDate "2015.08.27"]
[TimeControl "120+14"]
[WhiteClock "0:00:01"]
[BlackClock "0:00:12"]

1. d4 d6 2. e4 Nf6 3. Nc3 g6 4. Be3 a6 5. a4 Bg7 6. h3 O-O 7. Nf3 Nc6 8. a5 e5
9. d5 Ne7 10. Bc4 Ne8 11. g4 f5 12. Ng5 h6 13. Ne6 Bxe6 14. dxe6 fxe4 15. Nxe4
d5 16. Bc5 Rf4 17. f3 c6 18. Bb3 Nc7 19. Bb6 Nc8 20. Be3 Qh4+ 21. Bf2 Qe7 22.
Nc5 Nxe6 23. Nxe6 Qxe6 24. Be3 Rf6 25. O-O Nd6 26. Ra4 Raf8 27. Kg2 Kh7 28. Qe2
g5 29. c4 e4 30. cxd5 cxd5 31. Qc2 Rxf3 32. Rxf3 Rxf3 33. Bxd5 Qxd5 0-1

[Event "23rd Int. Tournament "]
[Site "?"]
[Date "2015.08.28"]
[Round "2.8"]
[White "Zygouris, Hristos"]
[Black "Alexakis, Georgios"]
[Result "0-1"]
[WhiteElo "2210"]
[BlackElo "1907"]
[PlyCount "77"]
[EventDate "2015.08.27"]
[TimeControl "120+18"]
[WhiteClock "0:00:02"]
[BlackClock "0:00:14"]

1. Nf3 Nf6 2. g3 g6 3. Bg2 Bg7 4. c4 c5 5. Nc3 Nc6 6. d4 cxd4 7. Nxd4 Nxd4 8.
Qxd4 O-O 9. O-O d6 10. Qd3 a6 11. Be3 Bf5 12. Qd2 Qc7 13. b3 Rfc8 14. Rac1 Rab8
15. Ba7 Ra8 16. Bd4 Be6 17. f4 Rab8 18. e4 Qa5 19. f5 Bd7 20. Qe2 Bc6 21. e5
dxe5 22. Bxe5 Qc5+ 23. Kh1 Bxg2+ 24. Kxg2 Ra8 25. fxg6 hxg6 26. Bxf6 Bxf6 27.
Nd5 Rc6 28. Qf3 Rf8 29. Rce1 Kg7 30. h4 b5 31. Nxe7 Bxe7 32. Rxe7 Qxe7 33. Qxc6
Rd8 34. cxb5 axb5 35. a4 bxa4 36. bxa4 Rd2+ 37. Rf2 Rxf2+ 38. Kxf2 Qb4 39. Qb5
0-1

[Event "23rd Int. Tournament "]
[Site "?"]
[Date "2015.08.28"]
[Round "2.9"]
[White "Alexakis, Dimitrios"]
[Black "Katopodis, Dimitrios"]
[Result "1-0"]
[WhiteElo "2197"]
[BlackElo "1905"]
[PlyCount "85"]
[EventDate "2015.08.27"]
[TimeControl "120+18"]
[WhiteClock "0:00:18"]
[BlackClock "0:00:19"]

1. e4 e5 2. Nf3 Nc6 3. d4 exd4 4. Nxd4 Nf6 5. Nc3 Bb4 6. Nxc6 bxc6 7. Bd3 d5 8.
exd5 cxd5 9. O-O O-O 10. Bg5 c6 11. Ne2 Bd6 12. Nd4 Bd7 13. Qf3 h6 14. Bxf6
Qxf6 15. Qxf6 gxf6 16. Bf5 c5 17. Bxd7 cxd4 18. Rad1 Bc5 19. c3 Rfd8 20. cxd4
Bxd4 21. Rxd4 Rxd7 22. Rc1 Re8 23. Kf1 Re4 24. Rxe4 dxe4 25. Ke2 Rd5 26. b4 Kg7
27. Rc5 Rd4 28. a3 Kg6 29. g4 Rd6 30. Ra5 a6 31. Ke3 Re6 32. Rc5 Kg7 33. h4 Kg6
34. h5+ Kg7 35. Rc4 Kf8 36. Rxe4 Rd6 37. Rc4 Ke7 38. a4 Rd1 39. Rc6 Rb1 40. Rb6
Kd7 41. f3 Re1+ 42. Kf4 Rb1 43. Kf5 1-0

[Event "23rd Int. Tournament "]
[Site "?"]
[Date "2015.08.28"]
[Round "2.10"]
[White "Santorinaios, Hristodoulos"]
[Black "Stamos, Filippos"]
[Result "0-1"]
[WhiteElo "1919"]
[BlackElo "2170"]
[PlyCount "86"]
[EventDate "2015.08.27"]
[TimeControl "120+16"]
[WhiteClock "0:00:17"]
[BlackClock "0:00:31"]

1. d4 Nf6 2. c4 e6 3. g3 Bb4+ 4. Bd2 Qe7 5. Bg2 Nc6 6. Nf3 Bxd2+ 7. Nbxd2 d6 8.
O-O a5 9. Rc1 O-O 10. e4 e5 11. d5 Nb8 12. h3 Na6 13. Re1 Nc5 14. Re3 Bd7 15.
Qe1 c6 16. b3 b5 17. Nh4 g6 18. f4 Nh5 19. Qf2 f6 20. f5 g5 21. Nhf3 bxc4 22.
bxc4 Rfb8 23. Rc2 cxd5 24. cxd5 Ba4 25. Rc1 Rb2 26. a3 Qa7 27. Rec3 Rab8 28.
Kh2 Ra2 29. Rxc5 dxc5 30. Qxc5 Qxc5 31. Rxc5 Rbb2 32. Rc8+ Kf7 33. Rc7+ Kf8 34.
Rxh7 Ng7 35. Rh8+ Kf7 36. Ra8 Bd1 37. d6 Bxf3 38. Nxf3 Rxg2+ 39. Kh1 Nh5 40.
Ra7+ Ke8 41. Ra8+ Kd7 42. Ra7+ Kxd6 43. Ra6+ Kc7 0-1

[Event "23rd Int. Tournament "]
[Site "?"]
[Date "2015.08.28"]
[Round "2.11"]
[White "Grigoriadis, Alexandros"]
[Black "Hrisafis, Argirios"]
[Result "1-0"]
[WhiteElo "2153"]
[BlackElo "1884"]
[PlyCount "25"]
[EventDate "2015.08.27"]
[TimeControl "120+13"]
[WhiteClock "0:01:15"]
[BlackClock "0:00:51"]

1. c4 c5 2. Nf3 Nf6 3. b3 g6 4. Bb2 Bg7 5. g3 Nc6 6. Bg2 O-O 7. O-O d6 8. d4
cxd4 9. Nxd4 Qc7 10. Nc3 a6 11. Rc1 Nxd4 12. Qxd4 Ng4 13. Qxg7+ 1-0

[Event "23rd Int. Tournament "]
[Site "?"]
[Date "2015.08.28"]
[Round "2.12"]
[White "Kalodoukas, Odysseas"]
[Black "Gazis, Efstathios"]
[Result "1/2-1/2"]
[WhiteElo "1907"]
[BlackElo "2146"]
[PlyCount "136"]
[EventDate "2015.08.27"]

1. d4 Nf6 2. c4 e6 3. Nc3 Bb4 4. Qc2 c5 5. dxc5 Bxc5 6. Nf3 O-O 7. Bf4 b6 8. e3
Bb7 9. Be2 Nc6 10. a3 Be7 11. O-O Nh5 12. Rad1 Nxf4 13. exf4 a6 14. f5 Rc8 15.
Qd3 Na5 16. c5 bxc5 17. Qxd7 Qxd7 18. Rxd7 Bf6 19. fxe6 fxe6 20. Rfd1 Rf7 21.
R7d6 Bxf3 22. gxf3 Rb8 23. Na4 Rc7 24. Rxe6 c4 25. Rxa6 Nb3 26. Rad6 Kf8 27.
Nb6 Nd4 28. Bxc4 Rxb6 29. Rxb6 Rxc4 30. Kg2 Kf7 31. b3 Rc3 32. Rxf6+ Kxf6 33.
Rxd4 Rxb3 34. Ra4 Kf5 35. Kg3 g5 36. Ra5+ Kg6 37. Ra6+ Kh5 38. h3 Rc3 39. a4
Rc4 40. a5 Ra4 41. Ra8 Kg6 42. a6 h6 43. a7 Kg7 44. h4 Kh7 45. f4 gxf4+ 46. Kg4
Kg7 47. f3 Kh7 48. Kf5 Kg7 49. Ke5 Kh7 50. Kf6 Ra6+ 51. Kf5 Ra4 52. h5 Kg7 53.
Ke6 Ra6+ 54. Ke5 Ra4 55. Kf5 Kh7 56. Re8 Rxa7 57. Kxf4 Kg7 58. Re6 Ra5 59. Rg6+
Kh7 60. Kg4 Ra1 61. f4 Rg1+ 62. Kf5 Rh1 63. Kf6 Rxh5 64. Rg7+ Kh8 65. Kg6 Rh1
66. Ra7 Rg1+ 67. Kxh6 Kg8 68. f5 Kf8 1/2-1/2

[Event "23rd Int. Tournament "]
[Site "?"]
[Date "2015.08.28"]
[Round "2.13"]
[White "Poulopoulos, Ioannis"]
[Black "Androutsopoulos-Agiotatos, Vas"]
[Result "1-0"]
[WhiteElo "2133"]
[BlackElo "1878"]
[PlyCount "85"]
[EventDate "2015.08.27"]

1. d4 Nf6 2. Nf3 g6 3. Bg5 Bg7 4. c3 O-O 5. Nbd2 d6 6. e4 c5 7. dxc5 dxc5 8.
Be2 Nc6 9. O-O Qc7 10. Qc2 h6 11. Bh4 Nh5 12. Rfe1 g5 13. Bg3 Nxg3 14. hxg3 b6
15. Nc4 Bb7 16. Bf1 e6 17. a4 Rad8 18. a5 b5 19. a6 bxc4 20. axb7 Qxb7 21. Nd2
Ne5 22. Nxc4 Rb8 23. Ra2 Qb3 24. Qxb3 Rxb3 25. f4 Ng6 26. f5 Ne5 27. Rxa7 Nxc4
28. Bxc4 Rxb2 29. fxe6 fxe6 30. Bxe6+ Kh8 31. e5 Re8 32. Bf7 Rxe5 33. Ra8+ Kh7
34. Bg8+ Kg6 35. Ra6+ Kh5 36. Rf1 Ree2 37. Bd5 Re3 38. Kh2 c4 39. Bxc4 Bxc3 40.
Bf7+ Kg4 41. Rxh6 Rxg2+ 42. Kxg2 Rxg3+ 43. Kh2 1-0

[Event "23rd Int. Tournament "]
[Site "?"]
[Date "2015.08.28"]
[Round "2.14"]
[White "Koerant, Filipos"]
[Black "Pountzas, Hrisanthos"]
[Result "0-1"]
[WhiteElo "1887"]
[BlackElo "2128"]
[PlyCount "43"]
[EventDate "2015.08.27"]

1. d4 d5 2. Nf3 Nf6 3. c4 dxc4 4. Qc2 g6 5. g3 Bg7 6. Bg2 O-O 7. O-O Nc6 8.
Qxc4 Nd7 9. Rd1 Nb6 10. Qd3 e5 11. Bg5 Qe8 12. Nc3 h6 13. d5 Nb4 14. Qe4 a5 15.
Qh4 f6 16. Bxh6 g5 17. Bxg5 fxg5 18. Nxg5 Bf5 19. g4 Bg6 20. d6 c6 21. Be4 Rd8
22. a3 0-1

[Event "23rd Int. Tournament "]
[Site "?"]
[Date "2015.08.28"]
[Round "2.16"]
[White "Delithanasis, Dimitrios"]
[Black "Sarakenidis, Nikolaos"]
[Result "1-0"]
[WhiteElo "2105"]
[BlackElo "1862"]
[PlyCount "69"]
[EventDate "2015.08.27"]

1. d4 Nf6 2. c4 g6 3. Nc3 Bg7 4. e4 d6 5. h3 O-O 6. Bg5 h6 7. Be3 e5 8. d5 a5
9. Bd3 Na6 10. Nge2 Nc5 11. Bc2 b6 12. g4 Ne8 13. Qd2 Qh4 14. O-O-O Ba6 15. b3
Kh7 16. Rdg1 Bc8 17. f3 Bd7 18. Kb1 Rb8 19. a4 Na6 20. Bd1 Nb4 21. Nc1 Rg8 22.
g5 f5 23. Qg2 f4 24. gxh6 Bxh6 25. Bf2 Qe7 26. Be2 Nf6 27. Qf1 c6 28. Nd3 cxd5
29. Nxb4 axb4 30. Nxd5 Nxd5 31. cxd5 b5 32. axb5 Rgc8 33. Bc4 Qe8 34. b6 Ba4
35. Qd3 1-0

[Event "23rd Int. Tournament "]
[Site "?"]
[Date "2015.08.28"]
[Round "2.17"]
[White "Nikolaou, Spiridon"]
[Black "Tzounakas, Vasilios"]
[Result "1-0"]
[WhiteElo "2096"]
[BlackElo "1838"]
[PlyCount "83"]
[EventDate "2015.08.27"]

1. d4 Nf6 2. c4 g6 3. Nc3 Bg7 4. e4 d6 5. Nf3 O-O 6. Be2 e5 7. O-O Nc6 8. d5
Ne7 9. Ne1 Ne8 10. Nd3 f5 11. Bd2 Nf6 12. f3 f4 13. c5 g5 14. Rc1 a6 15. Qb3
Kh8 16. Na4 g4 17. Ba5 gxf3 18. Bxf3 dxc5 19. Nxe5 Nxe4 20. Bxe4 Bxe5 21. Bc3
Qd6 22. Rfe1 Bg7 23. Bxg7+ Kxg7 24. Nxc5 Rb8 25. Bf3 Ng6 26. Ne6+ Bxe6 27. Rxe6
Qd7 28. Qc3+ Kg8 29. Qxc7 Qxc7 30. Rxc7 Rfc8 31. d6 Rxc7 32. dxc7 Rc8 33. Bxb7
Rxc7 34. Bxa6 Rc2 35. Re2 Rc1+ 36. Kf2 h5 37. b4 Nh4 38. Rb2 Rh1 39. h3 f3 40.
Bb7 fxg2 41. Bxg2 Rh2 42. Kg3 1-0

[Event "23rd Int. Tournament "]
[Site "?"]
[Date "2015.08.28"]
[Round "2.18"]
[White "Ragios, Konstantinos"]
[Black "Kostouros, Alexandros"]
[Result "1/2-1/2"]
[WhiteElo "1840"]
[BlackElo "2082"]
[PlyCount "117"]
[EventDate "2015.08.27"]

1. e4 e5 2. Nf3 Nc6 3. Bb5 a6 4. Ba4 Nf6 5. O-O b5 6. Bb3 Bc5 7. Nxe5 Nxe5 8.
d4 Bxd4 9. Qxd4 Qe7 10. f4 Nc6 11. Qd3 Qxe4 12. Qxe4+ Nxe4 13. Re1 f5 14. Nc3
Bb7 15. Nxe4 fxe4 16. Bd5 O-O-O 17. Rxe4 Na5 18. Bxb7+ Nxb7 19. Bd2 Rde8 20.
Rae1 Nd6 21. Rxe8+ Rxe8 22. Rxe8+ Nxe8 23. b3 d5 24. Bc3 c5 25. Be5 Kd7 26. g4
Ke6 27. Kf2 d4 28. c4 bxc4 29. bxc4 g5 30. Kf3 gxf4 31. Bxf4 Nd6 32. Bxd6 Kxd6
33. Ke4 a5 34. h4 a4 35. g5 Ke6 36. h5 a3 37. Kf4 d3 38. Ke3 Kf5 39. g6 hxg6
40. hxg6 Kxg6 41. Kxd3 Kf5 42. Kd2 Ke4 43. Ke2 Kd4 44. Kd2 Kxc4 45. Kc2 Kd4 46.
Kd2 Ke4 47. Ke2 Ke5 48. Ke3 Kf6 49. Kd3 Ke6 50. Kc4 Kd6 51. Kc3 Kd5 52. Kd3 Kc6
53. Kc4 Kb6 54. Kc3 Kc6 55. Kc4 Kd6 56. Kc3 Kd5 57. Kd3 Ke5 58. Ke3 Kf6 59. Ke4
1/2-1/2

[Event "23rd Int. Tournament "]
[Site "?"]
[Date "2015.08.28"]
[Round "2.19"]
[White "Roinos, Ilias"]
[Black "Papadopoulos, Georgios Nikea"]
[Result "0-1"]
[WhiteElo "2055"]
[BlackElo "1830"]
[PlyCount "70"]
[EventDate "2015.08.27"]

1. e4 c5 2. Nf3 Nc6 3. d4 cxd4 4. Nxd4 g6 5. Nc3 Bg7 6. Be3 Nf6 7. Be2 O-O 8.
O-O d5 9. Nxc6 bxc6 10. e5 Nd7 11. f4 Qc7 12. Na4 f6 13. exf6 Nxf6 14. c4 Be6
15. Rc1 Rfd8 16. Nc5 Bf7 17. Bf3 dxc4 18. Qa4 Nd5 19. Bf2 Bxb2 20. Rc2 Bg7 21.
g3 c3 22. Re1 Nb6 23. Qe4 Rd2 24. Ne6 Bxe6 25. Qxe6+ Kh8 26. Re2 Rxc2 27. Rxc2
Qd6 28. Qe4 Nd5 29. Bd4 Rb8 30. Rc1 Rb4 31. Bxg7+ Kxg7 32. Qd3 Qc5+ 33. Kg2 Rd4
34. Qb1 Rd2+ 35. Kh3 Qf2 0-1

[Event "23rd Int. Tournament "]
[Site "?"]
[Date "2015.08.28"]
[Round "2.20"]
[White "Gkikas, Vasilios"]
[Black "Tsomis, Dimitrios"]
[Result "1/2-1/2"]
[WhiteElo "1825"]
[BlackElo "2019"]
[PlyCount "97"]
[EventDate "2015.08.27"]

1. e4 c5 2. Nf3 d6 3. d4 cxd4 4. Nxd4 Nf6 5. Nc3 Nc6 6. Be2 g6 7. Be3 Bg7 8.
O-O O-O 9. h3 Bd7 10. Re1 Nxd4 11. Bxd4 Bc6 12. Bf3 a6 13. Qe2 Nd7 14. Bxg7
Kxg7 15. Nd5 Ne5 16. Qe3 Rc8 17. Nf4 Nxf3+ 18. Qxf3 e5 19. Ne2 f5 20. Ng3 fxe4
21. Qg4 Kh8 22. Rad1 Rf4 23. Qe6 Rf6 24. Qg4 Qf8 25. Rd2 d5 26. c4 d4 27. Nxe4
Rf4 28. Qg5 Rf5 29. Qg3 Re8 30. Qd3 Rf4 31. Ng3 Qf6 32. Rde2 h5 33. Ne4 Bxe4
34. Rxe4 Rxf2 35. Rxe5 Rxe5 36. Rxe5 Rxg2+ 37. Kxg2 Qxe5 38. Qxg6 Qe2+ 39. Kg3
d3 40. Qf6+ Kg8 41. Qg6+ Kf8 42. Qf5+ Ke7 43. Qc5+ Kd7 44. Qd5+ Kc7 45. Qc5+
Kb8 46. Qd6+ Kc8 47. Qc5+ Kb8 48. Qd6+ Ka7 49. Qd4+ 1/2-1/2